LEADER 01077nam--2200349---450 001 990001686450203316 005 20210305114323.0 035 $a000168645 035 $aUSA01000168645 035 $a(ALEPH)000168645USA01 035 $a000168645 100 $a20040521d1968----km-y0itay0103----ba 101 0 $afre 102 $aFR 105 $a||||||||001yy 200 1 $aHommes et choses du temps de la Commune$erecits et portraits pour servir a l'histoire de la premiere revolution sociale$fHenri Bellenger...[et al.] 210 $aParis$cEDHIS$dstampa 1968 215 $avolumi$d14 cm 300 $aRiproduzione facsimilare dell'ed: Paris [etc.], 1871- 327 1 $a : 225 p. 410 0$12001 454 1$12001 606 0 $aCOMUNE DI PARIGI 1871$xTESTIMONIANZE 676 $a944.0812092 702 1$aBELLENGER,$bHenri 801 0$aIT$bsalbc$gISBD 912 $a990001686450203316 951 $aX.3.A. 1065(III H 129)$b39228 L.M.$cIII H 959 $aBK 969 $aUMA 996 $aHommes et choses du temps de la Commune$9948811 997 $aUNISA LEADER 01442oam 2200493 450 001 9910709789103321 005 20180618092120.0 035 $a(CKB)5470000002472352 035 $a(OCoLC)420309464 035 $a(OCoLC)995470000002472352 035 $a(EXLCZ)995470000002472352 100 $a20090701d1965 ua 0 101 0 $aeng 135 $aur||||||||||| 181 $ctxt$2rdacontent 182 $cc$2rdamedia 183 $acr$2rdacarrier 200 10$aMeteor geomagnetic effects /$fby Sydney Chapman and Attia A. Ashour 210 1$aWashington, D.C. :$cSmithsonian Institution.,$d1965. 215 $a1 online resource (pages 181-197) $cillustrations 225 1 $aSmithsonian contributions to astrophysics ;$vvolume 8, number 7 320 $aIncludes bibliographical references (pages 196-197). 606 $aMeteors 606 $aGeomagnetism 606 $aGeomagnetism$2fast 606 $aMeteors$2fast 615 0$aMeteors. 615 0$aGeomagnetism. 615 7$aGeomagnetism. 615 7$aMeteors. 700 $aChapman$b Sydney$f1888-1970,$017700 702 $aAshour$b A. A. 712 02$aSmithsonian Astrophysical Observatory, 801 0$bMUU 801 1$bMUU 801 2$bOCLCQ 801 2$bOCLCO 801 2$bOCLCF 801 2$bOCLCQ 801 2$bGPO 906 $aBOOK 912 $a9910709789103321 996 $aMeteor geomagnetic effects$93544833 997 $aUNINA